• 首页
  • 本馆介绍
  • 公告通知
  • 最新文献
  • 馆藏检索
  • 电子资源
  • 读者导购
  • 参考咨询
  • 我的图书馆
  • 登录
  • 详细信息显示
  • 放入我的书架
  • 预约/预借图书
  • 作者相关作品
  • 分类相关作品
  • 丛书相关作品
  • 出版社相关作品

书目信息

  • 表格格式
  • 工作单格式
  • 卡片格式
题名:
愉快教育理论与实践的探索
    
 
作者: 向玉琴 主编
分册:  
出版信息: 北京   高等教育出版社  1996
页数: 303页
开本: 19cm
丛书名:
单 册:
中图分类: G40-01
科图分类: 38.103
主题词: 快乐-教育理论--研究 , 教育理论-快乐--研究
电子资源:
ISBN: 7-04-005447-7
000 00654nam0 2200229 45
001 0197106258
005 20070608143720.70
010    @a7-04-005447-7@dCNY12.50
100    @a19970319d1996 em y0chiy0120 ea
101 0  @achi
102    @aCN@b110000
105    @ay z 000yy
200 10 @a愉快教育理论与实践的探索@Ayu kuai jiao yu li lun yu shi jian de tan suo@f向玉琴等主编
210    @a北京@c高等教育出版社@d1996
215    @a303页@d19cm
606    @a快乐-教育理论@x研究
606    @a教育理论-快乐@x研究
690    @aG40-01@v3
692    @a38.103@v2
701  0 @a向玉琴@Axiang yu qin@4主编
801  0 @aCN@bTSSF@c20070608
905    @a10447@dG40-01@e379
    
    愉快教育理论与实践的探索/向玉琴等主编.-北京:高等教育出版社,1996
    303页;19cm
    
    
    ISBN 7-04-005447-7:CNY12.50
    
●
相关链接 在E读中查询图书 在五车中查询图书 在当当中查询图书 在豆瓣中查询图书


正题名:愉快教育理论与实践的探索     索取号:G40-01/379         预约/预借

序号 登录号 条形码 馆藏地/架位号 状态 备注
1 0517404   205174041   第一样本阅览室/ [索取号:G40-01/379] 在馆    
唐山师范学院图书馆 欢迎您!
大连网信软件有限公司© 版权所有